লোডিং...

Lady managing directior /

গ্রন্থ-পঞ্জীর বিবরন
প্রধান লেখক: Tumilan, Pseud
ভাষা:Undetermined
প্রকাশিত: Madras : Ariuu Nilaym , 1973.
LEADER 00426nam a2200133Ia 4500
001 56882
008 170722s9999 xx 000 0 und d
100 |a Tumilan, Pseud 
245 |a Lady managing directior / 
260 |a Madras :  |b Ariuu Nilaym ,  |c 1973. 
300 |a 176 p.  |c 18cms 
942 |c GEN 
999 |c 94223  |d 94223 
952 |0 1  |1 0  |4 0  |6 O_313NTUL_L6  |7 0  |9 132164  |a LIB  |b LIB  |d 2017-08-12  |o O31,3NTU,L L6  |p 172065  |r 2017-08-12  |v 5.50  |w 2017-08-12  |y GEN